О ХОДЕ Второго Всесоюзного фестиваля народного творчества, посвященного 70-летию Великой Октябрьской социалистической революции. Вып. 2: Вопросы фольклора (Запись № 7899561)
[ простой вид ]
| 000 -МАРКЕР | |
|---|---|
| контрольное поле | 01941nam2a22002651 4500 |
| 001 - ИДЕНТИФИКАТОР ЗАПИСИ | |
| контрольное поле | rc\676689 |
| 005 - ИДЕНТИФИКАТОР ВЕРСИИ | |
| контрольное поле | 20250630144338.0 |
| 035 ## - ДРУГИЕ СИСТЕМНЫЕ НОМЕРА | |
| Идентификатор записи | (NLR Aleph) 008766867 |
| 100 ## - ДАННЫЕ ОБЩЕЙ ОБРАБОТКИ | |
| Данные общей обработки | 20031121d1986 |||y0rusy50 ca |
| 101 0# - ЯЗЫК РЕСУРСА | |
| Язык текста, звукозаписи и т.д. | русский |
| 102 ## - СТРАНА ПУБЛИКАЦИИ ИЛИ ПРОИЗВОДСТВА | |
| Страна публикации | российская федерация |
| 105 ## - ПОЛЕ КОДИРОВАННЫХ ДАННЫХ: ТЕКСТОВЫЕ МАТЕРИАЛЫ, МОНОГРАФИЧЕСКИЕ | |
| Кодированные данные о монографическом текстовом документе | y ||||||||| |
| 200 1# - ЗАГЛАВИЕ И СВЕДЕНИЯ ОБ ОТВЕТСТВЕННОСТИ | |
| Основное заглавие | Вопросы фольклора |
| Первые сведения об ответственности | [В.Н. Шишлова, М.Л. Газа] |
| 210 ## - ПУБЛИКАЦИЯ, РАСПРОСТРАНЕНИЕ И ДР. | |
| Дата издания, распространения и т.д. | 1986 |
| 215 ## - ФИЗИЧЕСКАЯ ХАРАКТЕРИСТИКА | |
| Специфическое обозначение материала и объем | 35 с. |
| 300 ## - ОБЩИЕ ПРИМЕЧАНИЯ | |
| Текст примечания | В надзаг.: М-во культуры РСФСР, Всерос. науч.-метод. центр нар. творчества и культ.-просвет. работы им. Н.К. Крупской |
| 461 #0 - УРОВЕНЬ НАБОРА | |
| Встроенное поле | 001rc\676687 |
| -- | 2001#$aО ХОДЕ Второго Всесоюзного фестиваля народного творчества, посвященного 70-летию Великой Октябрьской социалистической революции$eИнформ.-метод. материалы$fМ-во культуры РСФСР, Всерос. науч.-метод. центр нар. творчества и культ.-просвет. работы им. Н.К. Крупской$g[Подгот. Заславская Л.И. и др.]$vВып. 2 |
| Системный номер (АБИС) связанной записи | 7817434 |
| Место публикации | М. |
| Дата публикации | 1986 |
| Первые сведения об ответственности | М-во культуры РСФСР, Всерос. науч.-метод. центр нар. творчества и культ.-просвет. работы им. Н.К. Крупской |
| Имя издателя, распространителя и т.д. | Б. и. |
| Сведения, относящиеся к заглавию | Информ.-метод. материалы |
| Заглавие | О ХОДЕ Второго Всесоюзного фестиваля народного творчества, посвященного 70-летию Великой Октябрьской социалистической революции |
| Номер тома | Вып. 2 |
| 702 #1 - ИМЯ ЛИЦА - ВТОРИЧНАЯ ОТВЕТСТВЕННОСТЬ | |
| Начальный элемент ввода | Шишлова |
| Часть имени, кроме начального элемента ввода | В.Н. |
| Код отношения | Прочие |
| 801 #0 - ИСТОЧНИК ЗАПИСИ | |
| Страна | российская федерация |
| Организация | NLR |
| Правила каталогизации | psbo |
| 801 #1 - ИСТОЧНИК ЗАПИСИ | |
| Страна | российская федерация |
| Организация | ELAR |
| Источник данных | rusmarc |
| 801 #2 - ИСТОЧНИК ЗАПИСИ | |
| Страна | российская федерация |
| Организация | NLR |
| Дата составления | 20040511 |
| Источник данных | rusmarc |
| 852 ## - МЕСТОНАХОЖДЕНИЕ И ШИФР ХРАНЕНИЯ | |
| Идентификатор организации | NLR |
| Шифр хранения (Call Number) | 88-4/2002 |
| 942 ## - ДОПОЛНИТЕЛЬНЫЕ ЭЛЕМЕНТЫ ЗАПИСИ (АБИС) | |
| Тип экземпляра АБИС | Книга |
| 980 ## - КОЛЛЕКЦИЯ | |
| Название коллекции | Национальная библиография |
| Тип экземпляра | Дата поступления | Библиотека постоянного хранения | Библиотека текущего хранения | Место хранения | Шифр хранения | Штрих-код | Статус не для выдачи |
|---|---|---|---|---|---|---|---|
| Книга | 26.10.2013 | РНБ (Московский) | РНБ (Московский) | Кафедра выдачи изданий из Русского книжного фонда и Иностранного книжного фонда | 88-4/2002 | 1-4588395 |